| 000 | 00706cam9a220021700 4500 | ||
|---|---|---|---|
| 001 | lce00804571 | ||
| 008 | 720412s1971 nju 000 0 eng | ||
| 010 | _a 72179405 | ||
| 035 | _a(Sirsi) r24462 | ||
| 035 | _a(DLC) 72179405 | ||
| 035 | _a(UPRA)lce00804571 | ||
| 040 | _dUPRA | ||
| 050 | 0 |
_aRD16 _b.C64 |
|
| 082 | _a617/.91/0014 | ||
| 100 | 1 |
_aColeman, Frances, 1913- _dColeman, Frances, 1913- _6A86992.1 |
|
| 245 | 1 | 0 | _aGuide to surgical terminology. |
| 260 |
_aOradell, NJ : _bMedical Economics Book Division, _cc1971. |
||
| 650 | 0 |
_aOperations, Surgical -- Terminology. _xOperations, Surgical -- Terminology. _6S62656.1 |
|
| 949 |
_aRD16 _wLC _i-24144 _mMEDICAL _tBOOK _lON-SHELF |
||
| 004 | 24462 | ||
| 999 |
_c43829 _d43829 |
||